Primeras jornadas internacionales de pedagogía universitaria: memoria

保存先:
書誌詳細
第一著者: Venegas Renauld, María Eugenia (著者)
フォーマット: 図書
言語:スペイン語
出版事項: San José Universidad de Costa Rica 1995
主題:
タグ: タグ追加
タグなし, このレコードへの初めてのタグを付けませんか!

MARC

LEADER 00000nam a2200000 a 4500
001 UCK9346
003 CL-VaPUC
005 20220315074419.0
008 060428e19950000cr 1 spa d
020 |a 9977150397 
082 0 4 |a 378.007  |b VEN  |2 21 
100 1 |a Venegas Renauld, María Eugenia  |e author  |9 620864 
245 1 0 |a Primeras jornadas internacionales de pedagogía universitaria: memoria 
260 |a San José  |b Universidad de Costa Rica  |c 1995 
300 |a 201 p 
583 |a last modification  |c 20060428 00:00:00  |k Rodrigo Vera 
650 0 0 |a Educación superior   |9 223851 
650 0 0 |a Universidades  |9 256317 
650 0 0 |a Congresos  |9 257560 
942 |c BK 
945 |a cmena  |d 20060428 00:00:00 
546 |a En Español 
536 |a Universidad de Costa Rica 
518 |p Jornadas Internacionales de Pedagogía Universitaria, 1, San José, 7 al 11 de septiembre de 1992 
999 |c 384192  |d 384190 
952 |0 0  |1 0  |4 0  |6 378_007000000000000_VEN_1995  |7 0  |8 A  |9 506794  |a BIBEDU  |b BIBEDU  |d 2020-01-23  |i 4224906  |o 378.007 VEN 1995  |p 4224906  |r 2020-01-23  |w 2020-01-23  |y BK  |k EDU